000 00589nam a2200217Ia 4500
003 GCL
008 140319s9999 xx 000 0 eng d
040 _aGCL /
_cGCL
082 0 4 _a658.812
_bT M
100 1 _aTHOMSON, KEVEN
245 1 0 _aMANAGING YOUR INTERNAL CUSTOMERS: THE KEY TO GETTING BETTER RESULTS /
_cTHOMSON, KEVEN
700 1 _aWHITWELL, KATHY
260 _a[S.N] :
_bPITMAN PUBLISHING ،
_c1993
300 _a283 P P
650 0 4 _aECONOMICS
650 0 4 _aMANAGEMENT
650 0 4 _aBUSINESS
650 0 4 _aMARKETING
650 0 4 _aINFORMATION SCIENCE
942 _2ddc
_cBK
999 _c17096
_d17096